| 000 | 00394nam a2200157Ia 4500 | ||
|---|---|---|---|
| 008 | 210716s2009 xx 000 0 und d | ||
| 020 | _a9788120321656 | ||
| 041 | _aeng | ||
| 082 | _a005.1331 JOHB | ||
| 100 | _aJohnston, Barbara. | ||
| 245 | _aC++ programming today. | ||
| 250 | _a1 | ||
| 260 |
_aNew Delhi _bPrentice Hall of India _c2009 |
||
| 300 | _axviii,634 | ||
| 650 | _aC Programming | ||
| 999 |
_c191341 _d191341 |
||